[Event "Mittelfranken-chTB2b 1920"]
[Site "Mittelfranken"]
[Date "2019.12.01"]
[Round "3.3"]
[White "Dereser, Marc"]
[Black "Ahmadzadeh Razavi, Seyed Shaahin"]
[Result "0-1"]
[WhiteElo "1690"]
[BlackElo "1914"]
[PlyCount "58"]
[EventDate "2019.10.13"]
[EventType "team-tourn"]
[EventRounds "9"]
[EventCountry "GER"]
[SourceTitle "EXT 2023"]
[Source "ChessBase"]
[SourceDate "2022.10.05"]
[SourceVersion "1"]
[SourceVersionDate "2022.10.05"]
[SourceQuality "1"]
[WhiteTeam "Nuernberg SK 1911 II"]
[BlackTeam "Nuernberg NT IV"]
[WhiteTeamCountry "GER"]
[BlackTeamCountry "GER"]

1. d4 Nf6 2. Nf3 d5 3. g3 e6 4. Bg2 Be7 5. 0-0 0-0 6. Nbd2 c5 7. b3 cxd4 8. Bb2 Bc5 9. Nxd4 e5 10. N4f3 e4 11. Nd4 Qb6 12. e3 Bg4 13. Qc1 Nbd7 14. c4 Rac8 15. h3 Bh5 16. Nf5 dxc4 17. Nxc4 Qe6 18. g4 b5 19. Ng3 Bg6 20. Nd2 Bxe3 21. Qe1 Bxd2 22. Qxd2 Ne5 23. Qe3 Nd5 24. Qd4 f6 25. Nxe4 Nf4 26. Nc5 Ne2+ 27. Kh1 Nxd4 28. Nxe6 Nxe6 29. Bd5 Bf7 0-1

[Event "Mittelfranken-chTB2b 1718"]
[Site "Mittelfranken"]
[Date "2018.04.08"]
[Round "7.6"]
[White "Dereser, Marc"]
[Black "Weber, Willibald"]
[Result "1/2-1/2"]
[WhiteElo "1714"]
[BlackElo "1647"]
[PlyCount "95"]
[EventDate "2017.10.08"]
[EventType "team-tourn"]
[EventRounds "9"]
[EventCountry "GER"]
[SourceTitle "EXT 2022"]
[Source "ChessBase"]
[SourceDate "2021.10.06"]
[SourceVersion "1"]
[SourceVersionDate "2021.10.06"]
[SourceQuality "1"]
[WhiteTeam "Nuernberg SK 1911 II"]
[BlackTeam "Nuernberg Anderssen"]
[WhiteTeamCountry "GER"]
[BlackTeamCountry "GER"]

1. d4 Nf6 2. Nf3 g6 3. c4 Bg7 4. Nc3 0-0 5. e4 d6 6. Be2 c6 7. h3 Nbd7 8. 0-0 a6 9. a4 Rb8 10. Be3 b5 11. axb5 axb5 12. cxb5 cxb5 13. e5 dxe5 14. dxe5 Ne8 15. Bxb5 Nc7 16. Bxd7 Bxd7 17. Qd2 Bc6 18. Nd4 Bd7 19. f4 Ne6 20. Na4 Nxd4 21. Qxd4 Bb5 22. Rfc1 Qxd4 23. Bxd4 Rfd8 24. Bc3 Bh6 25. g3 Rd3 26. Kh2 e6 27. Nc5 Re3 28. Re1 Rf3 29. Ne4 Bf8 30. Rad1 Ra8 31. Kg2 Rd3 32. Rxd3 Bxd3 33. Nd6 Kg7 34. Rd1 Bc2 35. Rd2 Bb3 36. Kf2 Ra1 37. Ne8+ Kh6 38. Nc7 Bc5+ 39. Bd4 Bb4 40. Bc3 Bc5+ 41. Kf3 Ra7 42. Nb5 Bd5+ 43. Kg4 Rd7 44. Nd4 Kg7 45. h4 h5+ 46. Kh3 Ra7 47. b4 Bb6 48. Nb5 1/2-1/2

[Event "Mittelfranken-chTB2b 1718"]
[Site "Mittelfranken"]
[Date "2017.11.19"]
[Round "3.6"]
[White "Meyer, Juergen"]
[Black "Dereser, Marc"]
[Result "1-0"]
[WhiteElo "1733"]
[BlackElo "1714"]
[PlyCount "109"]
[EventDate "2017.10.08"]
[EventType "team-tourn"]
[EventRounds "9"]
[EventCountry "GER"]
[SourceTitle "EXT 2022"]
[Source "ChessBase"]
[SourceDate "2021.10.06"]
[SourceVersion "1"]
[SourceVersionDate "2021.10.06"]
[SourceQuality "1"]
[WhiteTeam "Uttenreuth"]
[BlackTeam "Nuernberg SK 1911 II"]
[WhiteTeamCountry "GER"]
[BlackTeamCountry "GER"]

1. d4 d5 2. Nf3 Nf6 3. e3 e6 4. Bd3 c5 5. b3 Nbd7 6. 0-0 Be7 7. Nbd2 0-0 8. Bb2 a6 9. a4 b6 10. Ne5 Bb7 11. f4 Ne4 12. Nxe4 dxe4 13. Bc4 Bd5 14. Bxd5 exd5 15. Nc6 Qe8 16. Nxe7+ Qxe7 17. dxc5 bxc5 18. Qxd5 Rfd8 19. Qc4 Nb6 20. Qc3 f6 21. Rfd1 Kh8 22. Ba3 Rdc8 23. a5 Nd7 24. Rd5 Rc7 25. Rad1 Rac8 26. Qd2 Nf8 27. Rd8 Rxd8 28. Qxd8 Qxd8 29. Rxd8 Kg8 30. Rd6 Nd7 31. Rxa6 Kf7 32. Rd6 Ke7 33. Rd2 Ke6 34. Kf2 Nb8 35. g4 Na6 36. f5+ Ke7 37. Rd4 Kf7 38. Rxe4 Rd7 39. Ke2 g6 40. fxg6+ hxg6 41. Rc4 Rd5 42. e4 Re5 43. Kf3 Ke8 44. Bb2 Re6 45. Kf4 Kd7 46. h4 Kc6 47. h5 gxh5 48. gxh5 Kb5 49. h6 Re7 50. Bxf6 Rh7 51. Bg7 Nc7 52. Kf5 Ne8 53. Kg6 Rxh6+ 54. Bxh6 Nd6 55. e5 1-0

[Event "Mittelfranken-chTB2b 1516"]
[Site "Mittelfranken"]
[Date "2015.11.08"]
[Round "2.5"]
[White "Dereser, Marc"]
[Black "Meyer, Juergen"]
[Result "1/2-1/2"]
[WhiteElo "1722"]
[BlackElo "1735"]
[PlyCount "51"]
[EventDate "2015.10.18"]
[EventType "team-tourn"]
[EventRounds "9"]
[EventCountry "GER"]
[SourceTitle "EXT 2020"]
[Source "ChessBase"]
[SourceDate "2019.10.17"]
[SourceVersion "1"]
[SourceVersionDate "2019.10.17"]
[SourceQuality "1"]
[WhiteTeam "Nuernberg SK 1911 II"]
[BlackTeam "Uttenreuth"]
[WhiteTeamCountry "GER"]
[BlackTeamCountry "GER"]

1. d4 d5 2. Nf3 e6 3. g3 c6 4. Bg2 f5 5. Nbd2 Nf6 6. 0-0 Be7 7. c4 Nbd7 8. b3 0-0 9. Bb2 Ne4 10. e3 b6 11. Rc1 Ba6 12. Re1 Rc8 13. a3 Bd6 14. b4 Bc7 15. a4 Nd6 16. b5 Bb7 17. c5 Ne4 18. cxb6 Bxb6 19. Nb3 cxb5 20. axb5 a6 21. Bf1 axb5 22. Bxb5 Nd6 23. Bd3 Ne4 24. Qe2 Qe7 25. Bb5 Ndf6 26. Nbd2 1/2-1/2

[Event "Mittelfranken-chTB1 1415"]
[Site "Mittelfranken"]
[Date "2015.03.08"]
[Round "7.3"]
[White "Walther, Reinhard"]
[Black "Dereser, Marc"]
[Result "1/2-1/2"]
[WhiteElo "1936"]
[BlackElo "1722"]
[PlyCount "78"]
[EventDate "2014.09.29"]
[EventType "team-tourn"]
[EventRounds "9"]
[EventCountry "GER"]
[SourceTitle "EXT 2020"]
[Source "ChessBase"]
[SourceDate "2019.10.17"]
[SourceVersion "1"]
[SourceVersionDate "2019.10.17"]
[SourceQuality "1"]
[WhiteTeam "Herzogenaurach"]
[BlackTeam "Nuernberg SK 1911 II"]
[WhiteTeamCountry "GER"]
[BlackTeamCountry "GER"]

1. d4 d5 2. c4 e6 3. Nc3 Nf6 4. Nf3 Be7 5. e3 0-0 6. Be2 dxc4 7. Bxc4 b6 8. 0-0 Bb7 9. Qe2 a6 10. a3 c5 11. dxc5 Bxc5 12. b4 Be7 13. Bb2 b5 14. Ba2 Nbd7 15. Rfd1 Qb8 16. Rd2 Nb6 17. Rad1 Qc7 18. e4 Rad8 19. h3 Rxd2 20. Rxd2 Rd8 21. Rxd8+ Qxd8 22. Nd2 Qc7 23. Qe3 Nfd7 24. f4 e5 25. f5 Nf6 26. Qe2 h6 27. Nf3 Bd6 28. g4 Nc4 29. Bxc4 Qxc4 30. Qxc4 bxc4 31. Nd2 Bb8 32. Kg2 Ba7 33. Kf3 Bd4 34. h4 g5 35. fxg6 fxg6 36. g5 hxg5 37. hxg5 Nh7 38. Kg4 Bc8+ 39. Kg3 Nxg5 1/2-1/2

[Event "Mittelfranken-chTB1 1314"]
[Site "Mittelfranken"]
[Date "2014.03.30"]
[Round "8.7"]
[White "Rausch, Wolfgang1111"]
[Black "Dereser, Marc"]
[Result "1/2-1/2"]
[WhiteElo "1859"]
[BlackElo "1722"]
[PlyCount "106"]
[EventDate "2013.10.20"]
[EventType "team-tourn"]
[EventRounds "9"]
[EventCountry "GER"]
[SourceTitle "EXT 2020"]
[Source "ChessBase"]
[SourceDate "2019.10.17"]
[SourceVersion "1"]
[SourceVersionDate "2019.10.17"]
[SourceQuality "1"]
[WhiteTeam "Nuernberg NT III"]
[BlackTeam "Nuernberg SK 1911"]
[WhiteTeamCountry "GER"]
[BlackTeamCountry "GER"]

1. c4 Nf6 2. Nf3 e6 3. d4 d5 4. Nc3 Be7 5. Bg5 h6 6. Bf4 0-0 7. cxd5 exd5 8. e3 a6 9. Be2 Nbd7 10. h3 b5 11. 0-0 Bb7 12. Rc1 Rc8 13. Bd3 Ne4 14. Nd2 Ndf6 15. Ncxe4 dxe4 16. Bb1 c5 17. dxc5 Rxc5 18. Qe2 Rxc1 19. Rxc1 Bd6 20. Bxd6 Qxd6 21. Nb3 Rd8 22. Nd4 Bd5 23. b3 Qe5 24. Qd2 Qg5 25. Qa5 Rd6 26. Rc8+ Kh7 27. Qc7 Rd7 28. Qb8 Rb7 29. Rh8+ Kg6 30. Qh2 Nd7 31. Qd6+ Nf6 32. g4 Rd7 33. Qg3 Be6 34. f4 Qc5 35. f5+ Bxf5 36. gxf5+ Kh5 37. Bc2 Rxd4 38. exd4 Qxc2 39. Qf2 Qd3 40. Rc8 e3 41. Qf3+ Kg5 42. Rc1 Qxd4 43. Kh1 h5 44. Rg1+ Kh6 45. Qg3 Qe4+ 46. Kh2 g6 47. fxg6 fxg6 48. Qg5+ Kg7 49. Rc1 Nd5 50. Rc5 e2 51. Rxd5 Qxd5 52. Qxd5 e1Q 53. Qb7+ Kh6 1/2-1/2

[Event "Mittelfrankenliga-B2a 0506"]
[Site "Germany"]
[Date "2006.02.12"]
[Round "6.3"]
[White "Dereser, Marc"]
[Black "Gueldner, Udo"]
[Result "0-1"]
[WhiteElo "1851"]
[BlackElo "1774"]
[PlyCount "70"]
[EventDate "2005.10.16"]
[EventType "team"]
[EventRounds "9"]
[EventCountry "GER"]
[SourceTitle "EXT 2007"]
[Source "ChessBase"]
[SourceDate "2006.11.23"]
[SourceVersion "1"]
[SourceVersionDate "2006.11.23"]
[SourceQuality "1"]

1. d4 d5 2. Nf3 Nf6 3. g3 e6 4. Bg2 Nbd7 5. Nbd2 Bd6 6. b3 e5 7. dxe5 Nxe5 8. Bb2 Qe7 9. 0-0 0-0 10. Re1 Bg4 11. h3 Bh5 12. Qc1 Rfe8 13. Nd4 Bg6 14. c4 dxc4 15. Nxc4 Nxc4 16. Qxc4 Ne4 17. Nf3 Rad8 18. e3 Bb4 19. Red1 Qc5 20. Qxc5 Nxc5 21. Nd4 Nd3 22. Nc2 Be7 23. Bd4 c5 24. Bc3 Nxf2 25. Kxf2 Bxc2 26. Rdc1 Bf5 27. Bxb7 Bg5 28. Re1 Rd3 29. e4 Bxh3 30. Bc6 Red8 31. Ba5 R8d6 32. Bd5 Bg4 33. Bc4 Rf6+ 34. Kg1 Rxg3+ 35. Kh2 Bf4 0-1

[Event "Mittelfrankenliga-B2a 0506"]
[Site "Germany"]
[Date "2006.01.29"]
[Round "5.3"]
[White "Brunner, Wolfgang"]
[Black "Dereser, Marc"]
[Result "1-0"]
[WhiteElo "1925"]
[BlackElo "1851"]
[PlyCount "111"]
[EventDate "2005.10.16"]
[EventType "team"]
[EventRounds "9"]
[EventCountry "GER"]
[SourceTitle "EXT 2007"]
[Source "ChessBase"]
[SourceDate "2006.11.23"]
[SourceVersion "1"]
[SourceVersionDate "2006.11.23"]
[SourceQuality "1"]

1. d4 d5 2. c4 e6 3. Nc3 Nf6 4. Bg5 Be7 5. e3 h6 6. Bh4 0-0 7. Nf3 Nbd7 8. Rc1 b6 9. cxd5 exd5 10. Qb3 Bb7 11. Bd3 c5 12. Bxf6 Nxf6 13. dxc5 Bxc5 14. 0-0 d4 15. Nxd4 Bxd4 16. exd4 Qxd4 17. Be2 Rac8 18. Qa3 a6 19. Rcd1 Qe5 20. Qd6 Qg5 21. Qg3 Qxg3 22. hxg3 Rfe8 23. Bf3 Bxf3 24. gxf3 Re6 25. Rd4 b5 26. Rfd1 g6 27. a3 Kg7 28. Kg2 Rb6 29. Rd6 Rcc6 30. R6d4 Rc8 31. Re1 Rc7 32. Re3 Rbc6 33. Rd8 Rc4 34. Ra8 R7c6 35. Ra7 Ng8 36. Re8 b4 37. axb4 Rxb4 38. Nd5 Rxb2 39. Rxg8+ Kxg8 40. Ne7+ Kf8 41. Nxc6 Rb6 42. Ne5 Re6 43. f4 f5 44. Nd3 g5 45. fxg5 hxg5 46. Nc5 Rc6 47. Nxa6 Rc4 48. Rc7 Ra4 49. Nc5 Rg4 50. Ne6+ Ke8 51. Rg7 Re4 52. Nxg5 Re5 53. Ra7 Rb5 54. Ne6 Re5 55. Ng7+ Kf8 56. Kf3 1-0